000 00846nam a2200253Ia 4500
005 20230519113708.0
008 210716s2016 xx 000 0 und d
020 _a9789332575271
040 _cAIMIT LIBRARY
041 _aeng
082 _a004.602
_21
_bCONR
100 _aConnolly, Randy.
_9109590
245 _aFundamentals of web development /
_cBy Randy Connolly and Ricardo Hoar.
250 _a1st ed.
260 _aNew Delhi :
_bPearson Education ,
_c2016.
300 _a1023p. ;
_bPB
_c23 cm
650 _aIntroduction to HTML
_9109591
650 _aPHP arrays and superglobals
_9109592
650 _aWorking with databases
_9109593
700 _aHoar, Ricardo.
_9109594
700 _aMukherjee, Soumen.
_eContributor.
_9109595
700 _aBhattacharjee, Arup Kumar.
_eContributor.
_9109596
942 _2ddc
_cBK
_e1st
_k004.602 CONR
999 _c195800
_d195800